Statistics for Most Successful Olympians Quiz

Click here to take the quiz!

General Stats

  • This quiz has been taken 761 times
  • The average score is 4 of 33

Answer Stats

Gold MedalsTotal MedalsSportAnswer% Correct
1822SwimmingMichael Phelps
94%
66AthleticsUsain Bolt
62%
910AthleticsCarl Lewis
51%
911SwimmingMark Spitz
51%
611BiathlonOle Einar Bjørndalen
16%
912AthleticsPaavo Nurmi
16%
67CyclingChris Hoy
14%
812Cross-country skiingBjørn Dæhlie
13%
918GymnasticsLarisa Latynina
12%
66FencingNedo Nadi
9%
812CanoeingBirgit Fischer
6%
811SwimmingMatt Biondi
6%
69FencingValentina Vezzali
5%
711GymnasticsVěra Čáslavská
5%
610GymnasticsVitaly Scherbo
5%
812SwimmingJenny Thompson
4%
66SwimmingKristin Otto
4%
812GymnasticsSawao Kato
4%
710FencingAladár Gerevich
3%
613FencingEdoardo Mangiarotti
3%
715GymnasticsNikolai Andrianov
3%
88AthleticsRay Ewry
3%
68CanoeingGert Fredriksson
2%
67FencingPál Kovács
2%
610GymnasticsAkinori Nakayama
1%
66SwimmingAmy Van Dyken
1%
713GymnasticsBoris Shakhlin
1%
69ArcheryHubert Van Innis
1%
66Speed skatingLidia Skoblikova
1%
69Cross-country skiingLyubov Yegorova
1%
68EquestrianReiner Klimke
1%
66FencingRudolf Kárpáti
1%
711GymnasticsViktor Chukarin
1%

Score Distribution

Percentile by Number Answered

Percent of People with Each Score

Your Score History

You have not taken this quiz